[Event "Maastricht Limburg op"]
[Site "Maastricht"]
[Date "2008.05.12"]
[Round "6"]
[White "Lehaen, Frank"]
[Black "Carcan, Stephane"]
[Result "0-1"]
[WhiteElo "1931"]
[BlackElo "2047"]
[PlyCount "70"]
[EventDate "2008.05.09"]
[EventType "swiss"]
[EventRounds "7"]
[EventCountry "NED"]
[SourceTitle "EXT 2009"]
[Source "ChessBase"]
[SourceDate "2008.11.26"]
[SourceVersion "1"]
[SourceVersionDate "2008.11.26"]
[SourceQuality "1"]

1. d4 d6 2. Nf3 g6 3. g3 Bg7 4. Bg2 Nf6 5. 0-0 0-0 6. c4 Nbd7 7. Nc3 e5 8. e4 c6 9. h3 exd4 10. Nxd4 Re8 11. Qc2 a6 12. Rd1 Rb8 13. Bf4 Qc7 14. c5 Nxc5 15. Nf5 gxf5 16. Bxd6 Qb6 17. Bxb8 fxe4 18. Bf4 Nd3 19. Nxe4 Nxf4 20. gxf4 Nxe4 21. Bxe4 Qxb2 22. Bxh7+ Kh8 23. Qxb2 Bxb2 24. Rab1 Bf6 25. Bd3 Rd8 26. Bc4 Rxd1+ 27. Rxd1 Kg7 28. Kg2 b5 29. Be2 Be6 30. Bf3 Bxa2 31. Bxc6 b4 32. Bd5 Bxd5+ 33. Rxd5 b3 34. Kf3 b2 35. Rd1 a5 0-1

[Event "Maastricht Limburg op"]
[Site "Maastricht"]
[Date "2008.05.11"]
[Round "5"]
[White "Carcan, Stephane"]
[Black "Nabuurs, Joep"]
[Result "0-1"]
[WhiteElo "2047"]
[BlackElo "2205"]
[PlyCount "64"]
[EventDate "2008.05.09"]
[EventType "swiss"]
[EventRounds "7"]
[EventCountry "NED"]
[SourceTitle "EXT 2009"]
[Source "ChessBase"]
[SourceDate "2008.11.26"]
[SourceVersion "1"]
[SourceVersionDate "2008.11.26"]
[SourceQuality "1"]

1. g3 f5 2. Nf3 Nf6 3. Bg2 g6 4. 0-0 Bg7 5. c4 d6 6. Nc3 0-0 7. Rb1 a5 8. a3 e5 9. d3 Nc6 10. b4 Qe7 11. Nd5 Nxd5 12. cxd5 Nd8 13. Qc2 c6 14. Bg5 Bf6 15. Bxf6 Rxf6 16. Nd2 cxd5 17. Bxd5+ Be6 18. Bxe6+ Nxe6 19. Rfe1 Rf7 20. Nc4 axb4 21. axb4 b5 22. Nb6 Nd4 23. Qb2 Ra6 24. Nd5 Qb7 25. Ne3 Qa8 26. Ra1 Rfa7 27. Rxa6 Rxa6 28. Nc2 Ra2 29. Ra1 Nxe2+ 30. Kf1 Nxg3+ 31. hxg3 Qh1+ 32. Ke2 Qh5+ 0-1

[Event "Maastricht Limburg op"]
[Site "Maastricht"]
[Date "2008.05.10"]
[Round "2"]
[White "Taverniers, Peter"]
[Black "Carcan, Stephane"]
[Result "1/2-1/2"]
[WhiteElo "1810"]
[BlackElo "2047"]
[PlyCount "28"]
[EventDate "2008.05.09"]
[EventType "swiss"]
[EventRounds "7"]
[EventCountry "NED"]
[SourceTitle "EXT 2009"]
[Source "ChessBase"]
[SourceDate "2008.11.26"]
[SourceVersion "1"]
[SourceVersionDate "2008.11.26"]
[SourceQuality "1"]

1. c4 g6 2. Nc3 Bg7 3. g3 d6 4. Bg2 e5 5. d3 c5 6. Nf3 Nc6 7. 0-0 Nge7 8. e4 0-0 9. Nd5 h6 10. Bd2 Be6 11. Qc1 Kh7 12. Rb1 Rb8 13. b4 Bxd5 14. cxd5 Nxb4 1/2-1/2

[Event "Maastricht Limburg op"]
[Site "Maastricht"]
[Date "2008.05.09"]
[Round "1"]
[White "Carcan, Stephane"]
[Black "Van der Velden, Bram"]
[Result "1/2-1/2"]
[WhiteElo "2047"]
[BlackElo "2196"]
[PlyCount "85"]
[EventDate "2008.05.09"]
[EventType "swiss"]
[EventRounds "7"]
[EventCountry "NED"]
[SourceTitle "EXT 2009"]
[Source "ChessBase"]
[SourceDate "2008.11.26"]
[SourceVersion "1"]
[SourceVersionDate "2008.11.26"]
[SourceQuality "1"]

1. Nf3 Nf6 2. g3 g6 3. Bg2 Bg7 4. d3 0-0 5. 0-0 d6 6. e4 c5 7. Nc3 Nc6 8. h3 Rb8 9. a4 a6 10. Be3 b5 11. axb5 axb5 12. Qd2 b4 13. Nd5 Nxd5 14. exd5 Ne5 15. Nxe5 Bxe5 16. d4 cxd4 17. Bxd4 Bxd4 18. Qxd4 Bf5 19. Ra7 Bxc2 20. Re1 Re8 21. Qh4 e5 22. dxe6 Rxe6 23. Qxd8+ Rxd8 24. Rxe6 fxe6 25. Rb7 b3 26. Re7 d5 27. Rxe6 d4 28. Re2 Kf7 29. f4 d3 30. Rd2 Ke6 31. Kf2 Kd6 32. Ke3 Kc5 33. Rf2 Re8+ 34. Kd2 Kd4 35. g4 Rf8 36. f5 gxf5 37. gxf5 Ke5 38. f6 Rxf6 39. Rxf6 Kxf6 40. Be4 h5 41. h4 Bb1 42. Bh7 Bc2 43. Be4 1/2-1/2

[Event "IECG CA.2002.0.00063 email"]
[Site "IECG email"]
[Date "2002.07.30"]
[Round "?"]
[White "Carcan, Stephane"]
[Black "Dyakov, Alexander V"]
[Result "1/2-1/2"]
[WhiteElo "2016"]
[BlackElo "2168"]
[PlyCount "87"]
[EventDate "2002.07.30"]
[EventType "tourn (corr)"]
[EventRounds "6"]
[SourceTitle "Corr 2008"]
[Source "ChessBase"]
[SourceDate "2008.06.24"]
[SourceVersion "1"]
[SourceVersionDate "2008.06.24"]
[SourceQuality "1"]

1. Nf3 d5 2. d4 Nf6 3. e3 c5 4. dxc5 e6 5. c4 Bxc5 6. a3 0-0 7. b4 Bd6 8. Bb2 a5 9. bxa5 Rxa5 10. Nc3 Nc6 11. cxd5 Nxd5 12. Qb3 Nxc3 13. Bxc3 Ra8 14. Bd3 Qe7 15. Bb2 e5 16. 0-0 e4 17. Qc3 f5 18. Bc4+ Kh8 19. Rfd1 Bc7 20. Nd4 Ne5 21. Nb5 Bb8 22. Be2 Be6 23. Nd4 Bd5 24. Rac1 Qf7 25. Nb5 f4 26. Nc7 f3 27. gxf3 Qg6+ 28. Kh1 exf3 29. Bf1 Ng4 30. Qxg7+ Qxg7 31. Bxg7+ Kxg7 32. Rxd5 Bxc7 33. Rxc7+ Kf6 34. Rd4 Rg8 35. Rf4+ Ke5 36. Rxf3 Rxa3 37. h3 Ra1 38. hxg4 Rxg4 39. Rxb7 Rxf1+ 40. Kh2 Rfg1 41. Rg3 R1xg3 42. fxg3 h5 43. Rb5+ Kf6 44. Rxh5 1/2-1/2

[Event "IECG CA.2002.0.00063 email"]
[Site "IECG email"]
[Date "2002.07.30"]
[Round "?"]
[White "Knoeppel, Bjoern"]
[Black "Carcan, Stephane"]
[Result "1/2-1/2"]
[WhiteElo "2100"]
[BlackElo "2016"]
[PlyCount "63"]
[EventDate "2002.07.30"]
[EventType "tourn (corr)"]
[EventRounds "6"]
[SourceTitle "Corr 2008"]
[Source "ChessBase"]
[SourceDate "2008.06.24"]
[SourceVersion "1"]
[SourceVersionDate "2008.06.24"]
[SourceQuality "1"]

1. e4 e6 2. d4 d5 3. Nc3 Nf6 4. Bg5 Be7 5. e5 Nfd7 6. h4 Bxg5 7. hxg5 Qxg5 8. Qd3 g6 9. Nf3 Qe7 10. Qe3 a6 11. Rh6 c5 12. 0-0-0 Nc6 13. Ne2 b6 14. Kb1 a5 15. c3 Ba6 16. g4 Rc8 17. Nf4 Bxf1 18. Rxf1 b5 19. Rfh1 cxd4 20. cxd4 Nf8 21. Qd3 Qb4 22. Rc1 Na7 23. Rxc8+ Nxc8 24. Qe3 Nb6 25. Nd3 Qe7 26. Qc1 Nc4 27. b3 Na3+ 28. Kb2 b4 29. Qc8+ Qd8 30. Qc6+ Qd7 31. Qa8+ Qd8 32. Qc6+ 1/2-1/2

[Event "IECG CA.2002.0.00033 email"]
[Site "IECG email"]
[Date "2002.01.16"]
[Round "?"]
[White "Norman, Nigel"]
[Black "Carcan, Stephane"]
[Result "1/2-1/2"]
[WhiteElo "1848"]
[BlackElo "2016"]
[PlyCount "44"]
[EventDate "2002.01.16"]
[EventType "tourn (corr)"]
[EventRounds "6"]
[SourceTitle "Corr 2008"]
[Source "ChessBase"]
[SourceDate "2008.06.24"]
[SourceVersion "1"]
[SourceVersionDate "2008.06.24"]
[SourceQuality "1"]

1. e4 e6 2. d4 d5 3. exd5 exd5 4. Bf4 Nf6 5. Nf3 Bd6 6. Bxd6 Qxd6 7. c3 0-0 8. Be2 Re8 9. 0-0 Bg4 10. Nbd2 Qb6 11. b3 c5 12. Re1 Nc6 13. dxc5 Qxc5 14. Rc1 Rac8 15. b4 Qb6 16. b5 Ne5 17. Nxe5 Rxe5 18. Bxg4 Rxe1+ 19. Qxe1 Nxg4 20. Qe2 Nf6 21. a4 Qd6 22. c4 dxc4 1/2-1/2

[Event "IECG CA.2001.0.00013"]
[Site "IECG email"]
[Date "2001.08.12"]
[Round "1"]
[White "Carcan, Stephane"]
[Black "Bourgoin, Claude"]
[Result "1-0"]
[WhiteElo "2016"]
[BlackElo "1800"]
[PlyCount "73"]
[EventDate "2001.08.12"]
[EventType "tourn (corr)"]
[EventRounds "6"]
[SourceTitle "Corr 2024"]
[Source "ChessBase"]
[SourceDate "2023.10.19"]
[SourceVersion "1"]
[SourceVersionDate "2023.10.19"]
[SourceQuality "1"]

1. c4 Nf6 2. Nc3 e5 3. e3 Nc6 4. Nf3 Bb4 5. Qc2 d6 6. Nd5 Bc5 7. a3 a5 8. b3 Be6 9. Nxf6+ Qxf6 10. Bb2 Bf5 11. Bd3 Bxd3 12. Qxd3 0-0 13. 0-0 Rfe8 14. Qc2 h6 15. Rad1 Rad8 16. d4 exd4 17. exd4 Ba7 18. d5 Ne5 19. Nd4 Qg5 20. Qc3 Bb6 21. Kh1 Qg6 22. h3 Ra8 23. Rfe1 a4 24. b4 Nd7 25. Nf5 Ne5 26. Nxg7 Qxg7 27. f4 Bf2 28. Rf1 Bh4 29. fxe5 dxe5 30. Rf5 f6 31. g3 Qg6 32. Rdf1 Bxg3 33. Rg1 Qxf5 34. Qxg3+ Qg5 35. Qh4 Kg7 36. Rg4 Rh8 37. Bc1 1-0

[Event "IECG CA.2001.0.00013"]
[Site "IECG email"]
[Date "2001.08.12"]
[Round "1"]
[White "Carcan, Stephane"]
[Black "Theussl, Manfred"]
[Result "0-1"]
[WhiteElo "2016"]
[BlackElo "2090"]
[PlyCount "74"]
[EventDate "2001.08.12"]
[EventType "tourn (corr)"]
[EventRounds "6"]
[SourceTitle "Corr 2024"]
[Source "ChessBase"]
[SourceDate "2023.10.19"]
[SourceVersion "1"]
[SourceVersionDate "2023.10.19"]
[SourceQuality "1"]

1. c4 e6 2. Nf3 Nf6 3. g3 b6 4. Bg2 Bb7 5. 0-0 c5 6. Nc3 Be7 7. d4 cxd4 8. Qxd4 d6 9. Rd1 a6 10. b3 Nbd7 11. e4 Qc8 12. Bb2 0-0 13. Qe3 Re8 14. Nd4 Qc7 15. h3 Rac8 16. Re1 Nf8 17. Rad1 Qb8 18. Nde2 N8d7 19. Rd2 Bf8 20. Nd4 Qa8 21. f4 e5 22. Nf5 d5 23. Qe2 dxe4 24. Nxe4 Bxe4 25. Bxe4 Nxe4 26. Rxd7 Nf6 27. Rd3 exf4 28. Be5 Bb4 29. Rf1 Bc5+ 30. Kh2 Rxe5 31. Qxe5 Re8 32. Qb2 Qe4 33. Qd2 Qxf5 34. Rxf4 Qe5 35. Qg2 Qe2 36. Rd2 Qxg2+ 37. Rxg2 Re3 0-1